000
00258nam a22001217a 4500
082
_a
923.5
100
_a
Qudrat Ullah Shahaab
245
_a
Shahaab Namah
260
_a
Lahore
_b
Sang e meel
_c
2013.
300
_a
840.pm ;
500
_a
Hardcover.
942
_c
BK
999
_c
33106
_d
33106